तहान (Record no. 402758)

MARC details
000 -LEADER
fixed length control field 00389nam a2200145Ia 4500
008 - FIXED-LENGTH DATA ELEMENTS--GENERAL INFORMATION
fixed length control field 100122s9999 xx 000 0 und d
082 ## - DEWEY DECIMAL CLASSIFICATION NUMBER
Item number 11356
Classification number 823
100 ## - MAIN ENTRY--PERSONAL NAME
Personal name पणिकर रजनी
245 ## - TITLE STATEMENT
Title तहान
260 ## - PUBLICATION, DISTRIBUTION, ETC. (IMPRINT)
Name of publisher, distributor, etc हिन्दी मराठी प्रकाशन
Date of publication, distribution, etc 1962
300 ## - PHYSICAL DESCRIPTION
Extent 216
630 ## - SUBJECT ADDED ENTRY--UNIFORM TITLE
Uniform title तहान
730 ## - ADDED ENTRY--UNIFORM TITLE
Uniform title तहान
942 ## - ADDED ENTRY ELEMENTS (KOHA)
Koha item type Book

No items available.